<?xml version="1.0" encoding="UTF-8"?>
<collection xmlns="http://www.loc.gov/MARC21/slim">
  <record>
    <leader>00000nam  2200000   4500</leader>
    <controlfield tag="001">INLIS000000000002982</controlfield>
    <controlfield tag="005">20190320103920</controlfield>
    <datafield tag="035" ind1="#" ind2="#">
      <subfield code="a">0010-0718002982</subfield>
    </datafield>
    <controlfield tag="008">190320################g##########0#ind##</controlfield>
    <datafield tag="020" ind1="#" ind2="#">
      <subfield code="a">9795119214</subfield>
    </datafield>
    <datafield tag="041" ind1=" " ind2=" ">
      <subfield code="a">id</subfield>
    </datafield>
    <datafield tag="082" ind1="#" ind2="#">
      <subfield code="a">070.435</subfield>
    </datafield>
    <datafield tag="090" ind1=" " ind2=" ">
      <subfield code="a">070.435 Map s</subfield>
    </datafield>
    <datafield tag="100" ind1=" " ind2="#">
      <subfield code="a">Mappatoto, Andi Baso</subfield>
    </datafield>
    <datafield tag="245" ind1="1" ind2="#">
      <subfield code="a">Siaran Pers: Suatu Kiat Penulisan /</subfield>
      <subfield code="c">Andi Baso Mappatoto</subfield>
    </datafield>
    <datafield tag="250" ind1="#" ind2="#">
      <subfield code="a">Ed. 1</subfield>
    </datafield>
    <datafield tag="260" ind1="#" ind2="#">
      <subfield code="a">Jakarta :</subfield>
      <subfield code="b">Gramedia Pustaka Utama,</subfield>
      <subfield code="c">1993</subfield>
    </datafield>
    <datafield tag="300" ind1="#" ind2="#">
      <subfield code="a">xi; 148 hlm. :</subfield>
      <subfield code="b">ilus ;</subfield>
      <subfield code="c">21 cm</subfield>
    </datafield>
    <datafield tag="500" ind1="#" ind2="#">
      <subfield code="a">Menyusuli sumbangan pikirannya yang dituangkan dalam buku Teknik Penulisan Feature, penulis kembali menggugah sidang pembaca dengan buku yang lebih merangsang, berisi bahasan tentang Siaran Pers yang disorotinya dari ilmu tingkah laku (behavioral sciences). Dalam buku ini, penulis melihat tali-temali antara siaran pers dan empat komponen public relations, yakni: penelitian dan riset; penyusunan kebijakan dan program kerja; penyampaian kebijakan dan program kerja, tempat pengoperasionalan siaran pers; dan penilaian atas pelaksanaan kebijakan dan program kerja.</subfield>
    </datafield>
    <datafield tag="650" ind1=" " ind2="#">
      <subfield code="a">agen berita</subfield>
    </datafield>
    <datafield tag="084" ind1="#" ind2="#">
      <subfield code="a">070.435 MAP s</subfield>
    </datafield>
    <datafield tag="856" ind1="#" ind2="#">
      <subfield code="a">Perpustakaan Lembaga Administras Negara</subfield>
    </datafield>
    <datafield tag="990" ind1="#" ind2="#">
      <subfield code="a">96.394/LAN/95</subfield>
    </datafield>
  </record>
</collection>
